00406pab a2200133 454500008004000000100001900040245010300059260000900162300001400171362001200185650001200197650002400209773003900233180718b2007 xxu||||| |||| 00| 0 eng d aBhalla, Sheila aCommon issues and common concerns in the SAARC region: employment generation and poverty reduction c2007 ap.231-44, aApr-Jun aPoverty aEmployment creation aIndian Journal of Labour Economics